000 00288nam a2200121Ia 4500
008 220120s9999||||xx |||||||||||||| ||und||
082 _a005.1 PAD
100 _aPadmareddy, A.M
_911537
245 0 _aFinite automataand formal languages
260 _c2005
300 _b0
650 _aCIVIL
999 _c136621
_d136621